000 00301nam a2200133Ia 4500
005 20251222144754.0
008 251222s9999||||xx |||||||||||||| ||spa||
020 _a9972-40-219-3
082 _a869.15/R94P/2002
100 _aRulfo, Juan
245 0 _aPedro Páramo:
264 _bPeisa
942 _cLIB
999 _c19458
_d19458